000 00692nam a22002417a 4500
003 UA-OsUOA
001 22097
007 ta
008 20031216b un ||||| |||| 00| 0 ukr d
100 _aПознанский В.В.
090 _a008(091)(477)
_bП47
942 _cBK
040 _aUA-OsUOA
_brus
_cUA-OsUOA
_dUA-OsUOA
245 _aОчерк формирования русской национальной культуры. Первая половина ХІХ века
300 _a223 с.
_bІлюстрації
955 _a0
041 _arus
080 _a008(091)(477)
260 _aМосква
_bМысль
_c1975
044 _aRU
650 7 _2UDC
999 _c308310
_d308310